Premier League Manager of the Month - 2020-2021 - Statistics

Statistiche generali
  • Questo quiz è stato fatto 5 volte
  • Il punteggio medio è 7 su 9
Statistiche sulle risposte
Mese Nazione Squadra Allenatore % Corretto
Gennaio Spagna Manchester City Josep Guardiola
100%
Febbraio Spagna Manchester City Josep Guardiola
100%
Maggio Germania Liverpool Jürgen Klopp
100%
Ottobre Portogallo Wolverhampton Nuno Espírito Santo
100%
Novembre Portogallo Tottenham José Mourinho
80%
Marzo Germania Chelsea Thomas Tuchel
80%
Settembre Italia Everton Carlo Ancelotti
60%
Dicembre Inghilterra Aston Villa Dean Smith
20%
Aprile Inghilterra Newcastle Utd Steve Bruce
20%
Nessun quiz corrispondente trovato
Distribuzione punteggi
Percentuale di utenti per punteggio
Percentile per numero di risposta
I tuoi punteggi nel tempo
Non hai fatto questo quiz